<?xml version="1.0" encoding="UTF-8"?>
<record
    xmlns:xsi="http://www.w3.org/2001/XMLSchema-instance"
    xsi:schemaLocation="http://www.loc.gov/MARC21/slim http://www.loc.gov/standards/marcxml/schema/MARC21slim.xsd"
    xmlns="http://www.loc.gov/MARC21/slim">

  <leader>00692nam a22001577a 4500</leader>
  <controlfield tag="003">OSt</controlfield>
  <controlfield tag="005">20151106153045.0</controlfield>
  <controlfield tag="008">151106b        xxu||||| |||| 00| 0 eng d</controlfield>
  <datafield tag="040" ind1=" " ind2=" ">
    <subfield code="c">RUA</subfield>
  </datafield>
  <datafield tag="082" ind1=" " ind2=" ">
    <subfield code="a">FOR HEN 2000 B126 Or.1</subfield>
  </datafield>
  <datafield tag="100" ind1=" " ind2=" ">
    <subfield code="9">3460</subfield>
    <subfield code="a">HENG, SEYHA.</subfield>
  </datafield>
  <datafield tag="245" ind1=" " ind2=" ">
    <subfield code="a">Collection and utilization of non-timber forest products in suramrit-kossomak " kirirum" national park, &#x1780;&#x17B6;&#x179A;&#x1794;&#x17D2;&#x179A;&#x1798;&#x17BC;&#x179B; &#x1793;&#x17B7;&#x1784;&#x1794;&#x17D2;&#x179A;&#x17BE;&#x1794;&#x17D2;&#x179A;&#x17B6;&#x179F;&#x17CB;&#x17A2;&#x1793;&#x17BB;&#x1795;&#x179B;&#x1796;&#x17D2;&#x179A;&#x17C3;&#x1788;&#x17BE;&#x1780;&#x17D2;&#x1793;&#x17BB;&#x1784;&#x178F;&#x17C6;&#x1794;&#x1793;&#x17CB;&#x17A7;&#x1791;&#x17D2;&#x1799;&#x17B6;&#x1793;&#x1787;&#x17B6;&#x178F;&#x17B7;&#x179F;&#x17B7;&#x179A;&#x17B6;&#x1798;&#x17D2;&#x179A;&#x17B7;&#x178F;-&#x1780;&#x17BB;&#x179F;&#x1798;&#x17C8;"&#x1782;&#x17B7;&#x179A;&#x17B8;&#x179A;&#x1798;&#x17D2;&#x1799;"</subfield>
  </datafield>
  <datafield tag="260" ind1=" " ind2=" ">
    <subfield code="a">Phnom Penh</subfield>
    <subfield code="b">RUA</subfield>
    <subfield code="c">2000</subfield>
  </datafield>
  <datafield tag="300" ind1=" " ind2=" ">
    <subfield code="a">50p.</subfield>
    <subfield code="b">ill.</subfield>
    <subfield code="c">29cm.</subfield>
  </datafield>
  <datafield tag="942" ind1=" " ind2=" ">
    <subfield code="2">ddc</subfield>
    <subfield code="c">FOR</subfield>
  </datafield>
  <datafield tag="999" ind1=" " ind2=" ">
    <subfield code="c">3231</subfield>
    <subfield code="d">3231</subfield>
  </datafield>
  <datafield tag="952" ind1=" " ind2=" ">
    <subfield code="0">0</subfield>
    <subfield code="1">0</subfield>
    <subfield code="2">ddc</subfield>
    <subfield code="4">0</subfield>
    <subfield code="6">FOR_HEN_2000_000000000000000_B126_OR_1</subfield>
    <subfield code="7">0</subfield>
    <subfield code="9">15148</subfield>
    <subfield code="a">LBB</subfield>
    <subfield code="b">LBB</subfield>
    <subfield code="c">B126</subfield>
    <subfield code="d">2015-11-06</subfield>
    <subfield code="o">FOR HEN 2000 B126 Or.1</subfield>
    <subfield code="p">RUA003364</subfield>
    <subfield code="r">2015-11-06</subfield>
    <subfield code="w">2015-11-06</subfield>
    <subfield code="y">FOR</subfield>
  </datafield>
  <datafield tag="952" ind1=" " ind2=" ">
    <subfield code="0">0</subfield>
    <subfield code="1">0</subfield>
    <subfield code="2">ddc</subfield>
    <subfield code="4">0</subfield>
    <subfield code="6">FOR_HEN_2000_000000000000000_B126_OR_2</subfield>
    <subfield code="7">0</subfield>
    <subfield code="9">15149</subfield>
    <subfield code="a">LBB</subfield>
    <subfield code="b">LBB</subfield>
    <subfield code="c">B126</subfield>
    <subfield code="d">2015-11-06</subfield>
    <subfield code="o">FOR HEN 2000 B126 Or.2</subfield>
    <subfield code="p">RUA033484</subfield>
    <subfield code="r">2015-11-06</subfield>
    <subfield code="w">2015-11-06</subfield>
    <subfield code="y">FOR</subfield>
  </datafield>
</record>
